Harry Potter - wszystkie rozdziały książek - Statistics

General Stats
  • This quiz has been taken 3 times
  • The average score is 91 of 199
Answer Stats
Answer % Correct
Bal
100%
Bank Gringotta
100%
Bledny Rycerz
100%
Chlopiec ktory przezyl
100%
Drugie Zadanie
100%
Komnata Tajemnic
100%
Listy od nikogo
100%
Mapa Huncwotow
100%
Mistrz Eliksirow
100%
Noc Duchow
100%
Nora
100%
Pierwsze Zadanie
100%
Quidditch
100%
Smierciozercy
100%
Straznik kluczy
100%
Tiara Przydzialu
100%
Trzecie Zadanie
100%
Ulica Pokatna
100%
Zakazany Las
100%
Znikajaca szyba
100%
Zwierciadlo Ain Eingarp
100%
Aragog
67%
Bagman i Crouch
67%
Bitwa o Hogwart
67%
Blizna
67%
Blyskawica
67%
Boze Narodzenie na Oddziale Zamknietym
67%
Czara Ognia
67%
Czarna Rozdzka
67%
Czlowiek o dwoch twarzach
67%
Dolina Godryka
67%
Do Nory
67%
Dziurawy Kociol
67%
Eliksir Wielosokowy
67%
Final Mistrzostw Swiata w Quidditchu
67%
Graup
67%
Gryfoni przeciw Krukonom
67%
Gwardia Dumbledore'a
67%
Horacy Slughorn
67%
Horkruksy
67%
In Memoriam
67%
Jedyny, ktorego Zawsze sie Bal
67%
Korneliusz Knot
67%
Kot, Szczur i Pies
67%
Ksenofilius Lovegood
67%
Lapowka
67%
Luna Lovegood
67%
Lunatyk, Glizdogon,Lapa i Rogacz
67%
Magia to Potega
67%
Magiczne Dowcipy Weasleyow
67%
Ministerstwo Magii
67%
Mroczny Znak
67%
Muszelka
67%
Najgorsze Urodziny
67%
Nicolas Flamel
67%
Norweski Smok Kolczasty
67%
Opowiesc o Trzech Braciach
67%
Opowiesc Stworka
67%
Patronus
67%
Percy i Lapa
67%
Pojedynek o Polnocy
67%
Porady Zawodowe
67%
Powrot Lapy
67%
Przez klape w podlodze
67%
Sen
67%
Siedmiu Potterow
67%
Sluga Lorda Voldemorta
67%
Sowia Poczta
67%
Sumy
67%
Wesele
67%
W Ksiegarni Esy i Floresy
67%
W Pociagu do Hogwartu
67%
Zakon Feniksa
67%
Za Zaslona
67%
Zlosliwy Tluczek
67%
Zycie i Klamstwa Albusa Dumbledore'a
67%
Bardzo Mrozne Boze Narodzenie
33%
Bardzo Sekretny Dziennik
33%
Beauxbatons i Durmstrang
33%
Bialy Grobowiec
33%
Brakujace Lusterko
33%
Chaos w Ministerstwie Magii
33%
Chmara Sow
33%
Cialo, Krew i Kosc
33%
Czarny Pan Rosnie w Sile
33%
Czworo Reprezentantow
33%
Dekret Edukacyjny Numer Dwadziescia Cztery
33%
Demencja Dudleya
33%
Dementor
33%
Departament Tajemnic
33%
Dom Riddle'ow
33%
Drogi sie Rozchodza
33%
Dursleyowie Opuszczaja Dom
33%
Dwor Malfoya
33%
Dziedzic Slytherina
33%
Dziewietnascie Lat Pozniej
33%
Felix Felicis
33%
Final Quidditcha
33%
Front Wyzwolenia Skrzatow Domowych
33%
Ghul w Pizamie
33%
Gilderoy Lockhart
33%
Grimmauld Place 12
33%
Insygnia Smierci
33%
Jajo i Oko
33%
Jaskinia
33%
King's Cross
33%
Klub Pojedynkow
33%
Klub Slimaka
33%
Komisja Rejestracji Mugolakow
33%
Kryjowka
33%
Ksiaze Polkrwi
33%
Lament Feniksa
33%
Lew i Waz
33%
Luka w Planie
33%
Myslodsiewnia
33%
Nagroda Zgredka
33%
Najgorsze Wspomnienie Snape'a
33%
Napis na Scianie
33%
Nowa Piosenka Tiary Przydzialu
33%
Oczami Weza
33%
Oklumencja
33%
Opowiesc Hagrida
33%
Opowiesc Ksiecia
33%
Ostrzezenie Zgredka
33%
Peron numer dziewiec i trzy czwarte
33%
Pocalunek Dementora
33%
Poczatek
33%
Poczatek Drugiej Wojny
33%
Polegly Wojownik
33%
Pomocna Dlon Hermiony
33%
Priori Incantatem
33%
Profesor Umbridge
33%
Przepowiednia Profesor Trelawney
33%
Przesluchanie
33%
Przyjecie w Rocznice Smierci
33%
Przysiega Wieczysta
33%
Rogogon Wegierski
33%
Samotna Przechadzka Dracona
33%
Samotny i Skryty Tom Riddle
33%
Sectumsempra
33%
Sekret Bathildy
33%
Skrzacie Ogony
33%
Spinner's End
33%
Sprawdzanie Rozdzek
33%
Srebrna Lania
33%
Srebro i Opale
33%
Swistoklik
33%
Szalenstwo Pana Croucha
33%
Szalonooki Moody
33%
Szlaban u Dolores
33%
Szlachetny i Starozytny Rod Blackow
33%
Szlamy i Szepty
33%
Szpital Swietego Munga
33%
Szpony i Fusy
33%
Tajemnica Hermiony
33%
Ten Inny Minister
33%
Testament Albusa Dumbledore'a
33%
Turnej Trojmagiczny
33%
Ucieczka Grubej Damy
33%
Ucieczka Ksiecia
33%
Urodzinowe Niespodzianki
33%
Utracona Przepowiednia
33%
Veritaserum
33%
Walka i Lot
33%
W Gospodzie Pod Swinskim Lbem
33%
Widziane i Nieprzewidziane
33%
Wielki Blad Ciotki Marge
33%
Wielki Inkwizytor Hogwartu
33%
Wierzba Bijaca
33%
Wytworca Rozdzek
33%
Zaginiony Diadem
33%
Zaklecia Niewybaczalne
33%
Zaproszenie
33%
Zlodziej
33%
Zlosc Snape'a
33%
Znowu Sowia Poczta
33%
Znowu w Zakazanym Lesie
33%
Centaur i Donosiciel
0%
Dziury w Pamieci
0%
Kto Chce, a Kto Nie Chce
0%
Nieoczekiwane Zadanie
0%
Ostatnia Kryjowka
0%
Podsluchana Przepowiednia
0%
Ponura Przegrana
0%
Po Pogrzebie
0%
Prosba Lorda Voldemorta
0%
Rewelacje Rity Skeeter
0%
Rod Gaunta
0%
Snape Triumfuje
0%
Straz Przednia
0%
Tajemny Pokoj
0%
Ucieczka Severusa Snape'a
0%
Upior w Szafie
0%
Wieza Rozjarzona Blyskawicami
0%
Za Duzo Flegmy
0%
Zemsta Goblina
0%
Zmartwienia Pani Weasley
0%
Z Plomieni
0%
Zuk Osaczony
0%
No matching quizzes found
Score Distribution
Percent of People with Each Score
Percentile by Number Answered
Your Score History
You have not taken this quiz